| 000 | 00512nam a2200169Ia 4500 | ||
|---|---|---|---|
| 003 | OSt | ||
| 005 | 20210824101608.0 | ||
| 008 | 190216s9999||||xx |||||||||||||| ||und|| | ||
| 040 | _coclc | ||
| 082 |
_a297 _bALS/M |
||
| 100 |
_aAl Sawwaf, Shaikh Muhammed Mahmud _98677 |
||
| 245 | 0 |
_aThe Muslim Book Of Prayer / _cShaikh Muhammed Mahmud Al Sawwaf |
|
| 260 |
_bAbdullah Bin Ibrahim Al Ansari, _c1989. _aDoha: |
||
| 300 | _a70p | ||
| 650 | _aArabic | ||
| 942 |
_cBK _2ddc _h297 _iALS/M _k297 _mALS/M |
||
| 999 |
_c323 _d323 |
||